00449nam a22001817a 4500003000500000005001700005008004100022010001000063011001000073035001000083040000900093082001200102100002000114245003900134260004500173300002000218650002900238CHAP20220329135017.0971013s1870 r 00010 d a29491 a30463 a34575 cCHAP a515bL400aLeroy, C. F. A. aTratado de geometría descriptiva aMéxico :bImprenta del Gobierno,c1870 a93 p.b: láms14aGeometría descriptiva.